Occurrence of bark chlorophyll on mature rubber trees (Hevea brasiliensis) (Record no. 52971)

MARC details
000 -LEADER
fixed length control field 00499nam a2200157Ia 4500
100 ## - MAIN ENTRY--AUTHOR NAME
Personal name Thomas V.
245 #0 - TITLE STATEMENT
Title Occurrence of bark chlorophyll on mature rubber trees (Hevea brasiliensis)
260 ## - PUBLICATION, DISTRIBUTION, ETC. (IMPRINT)
Name of publisher Proceedings of the 82nd Indian Science Congress, 3-8 January 1995, Calcutta, India.
Year of publication 1995
650 ## - SUBJECT ADDED ENTRY--TOPICAL TERM
Topical Term Bark chlorophyll
700 ## - ADDED ENTRY--PERSONAL NAME
Personal name Pothen J.
700 ## - ADDED ENTRY--PERSONAL NAME
Personal name Potty S.N.
700 ## - ADDED ENTRY--PERSONAL NAME
Personal name Saraswathyamma C.K.
700 ## - ADDED ENTRY--PERSONAL NAME
Personal name Vinod K.K.
942 ## - ADDED ENTRY ELEMENTS (KOHA)
Koha item type Bibliography STAF
Holdings
Withdrawn status Lost status Damaged status Not for loan Home library Current library Date acquired Koha item type
      Bibliography RRII Library RRII Library 09/04/2014 Bibliography STAF